Monographs of the Society for Research in Child Development

Αποθηκεύτηκε σε:
Λεπτομέρειες βιβλιογραφικής εγγραφής
Συγγραφή απο Οργανισμό/Αρχή: Society for Research in Child Development
Μορφή: Περιοδική έκδοση
Γλώσσα:English
Δημοσίευση: Washington, D.C. : The Society, [1935]-
Θέματα:
Διαθέσιμο Online:https://www.jstor.org/journal/monosociresechil
Ετικέτες: Προσθήκη ετικέτας
Δεν υπάρχουν, Καταχωρήστε ετικέτα πρώτοι!

MARC

LEADER 00000cas a2200000 i 4500
001 1/81685
008 080410c19369999us ||||||||||| ||eng||
022 |a 0037-976X 
035 |l 10096510 
040 |a GR-MY-UA  |b gre  |e aacr 
041 0 |a eng 
082 7 |a 370.15   |2 (22) 
245 1 0 |a Monographs of the Society for Research in Child Development   |h [περιοδικό] 
260 |a Washington, D.C. :   |b The Society,   |c [1935]- 
300 |a  τ.;  |b εικ.;  |c 24 εκ. 
310 |a Τετραμηνιαίο, 2005- ; Προηγούμενη συχνότητα: 4 τεύχη το χρόνο, 1999-2004 ; Προηγούμενη συχνότητα: Ακανόνιστη, 1936- 
500 |a Η Βιβλιοθήκη διαθέτει επίσης τα τεύχη Ser.225:Vol.56:No.3, Ser.233:Vol.58:No.3-4, Ser.235:Vol.58:No.7, Ser.241:Vol.59:No.4, Ser.242:Vol.59:No.5, Ser.243:Vol.60:No.1, Ser.245:Vol.60:No.4, Ser.246:Vol.61:No.1-2, Ser.248:Vol.61:No.4-5, Ser.256:Vol.64:No.1, Ser.257:Vol.64:No.2, Ser.258:Vol.64:No.3, τα οποία έχουν εκδοθεί ως μονογραφίες και έχουν καταλογογραφηθεί ξεχωριστά. Η αναζήτηση γίνεται με τον τίτλο σειράς "Monographs of the Society for Research in Child Development". 
650 0 0 |a Child development. 
650 0 0 |a Child care. 
650 0 0 |a Children  |x Health and hygiene. 
650 0 0 |a Child psychology  |x Periodicals. 
650 0 0 |a Growth  |x Periodicals. 
710 2 |a Society for Research in Child Development. 
856 |u https://www.jstor.org/journal/monosociresechil 
901 |a BIBL4-2008-1 
970 |a ΚΟΖΑ  |b ΜΑΡΙΑ  |z 2008/04/10